Normal view
MARC view
- الهندسة المعمارية-تصميم المساكن- العمارة
Entry Topical Term
001 - CONTROL NUMBER
- control field: 56680
003 - CONTROL NUMBER IDENTIFIER
- control field: JO-AjAnu
005 - DATE AND TIME OF LATEST TRANSACTION
- control field: 20230606083304.0
008 - FIXED-LENGTH DATA ELEMENTS
- fixed length control field: 230606|| aca||aabn | a|a d
040 ## - CATALOGING SOURCE
- Original cataloging agency: JO-AjAnu
- Transcribing agency: JO-AjAnu
150 ## - HEADING--TOPICAL TERM
- Topical term or geographic name entry element: الهندسة المعمارية-تصميم المساكن- العمارة
670 ## - SOURCE DATA FOUND
- Source citation: Work cat.: (JO-AjAnu)28923: اصبيح، عبدالفتاح درويش, author 56679, العمارة وعالم حجر البناء